| 000 | 01316cam a2200277 4500 | ||
|---|---|---|---|
| 001 | J114281 | ||
| 008 | #DATE n2000 000 0 eng u | ||
| 035 | _a(Sirsi) u114281 | ||
| 041 | _aeng | ||
| 050 |
_a346.4104342 _c18 |
||
| 110 |
_aUnited Kingdom _bDepartment of the Environment, Transport and the Regions _93507 |
||
| 245 | _aRight of first refusal for long leaseholders and other tenants in privately owned blocks of flats | ||
| 260 |
_aLondon _bDETR _c2000 |
||
| 300 |
_a16p. _c21cm. |
||
| 350 | _a0 | ||
| 520 | _aThis short booklet gives general guidance on the procedure for the right of first refusal, introduced by the Landlord and Tenant Act 1987 Part I. View the booklet at www.dclg.gov.uk. | ||
| 650 | _aFIRST REFUSAL | ||
| 650 | _aLANDLORD AND TENANT ACT 1987 | ||
| 650 | _aPRIVATE SECTOR HOUSING | ||
| 650 | _aPROPERTY-RESIDENTIAL PROPERTY-RESIDENTIAL LANDLORD AND TENANT-RESIDENTIAL TENANCIES | ||
| 650 | _aLONG LEASEHOLDERS | ||
| 690 | _aPROPERTY-RESIDENTIAL PROPERTY-RESIDENTIAL LANDLORD AND TENANT-RESIDENTIAL TENANCIES | ||
| 710 |
_aUnited Kingdom _bOffice of the Deputy Prime Minister |
||
| 856 |
_uhttps://webarchive.nationalarchives.gov.uk/20120919132719/http://www.communities.gov.uk/index.asp?id=1151632 _zView "Right of first refusal" on the DCLG website... |
||
| 942 | _n0 | ||
| 999 |
_c101598 _d101598 |
||